|
|
|
|
| LEADER |
00000nam0a2200000 4500 |
| 001 |
366385 |
| 005 |
20231102011858.0 |
| 035 |
|
|
|a (RuTPU)RU\TPU\retro\23748
|
| 090 |
|
|
|a 366385
|
| 100 |
|
|
|a 20220207d1979 k y0rusy50 ca
|
| 101 |
0 |
|
|a rus
|
| 102 |
|
|
|a RU
|
| 105 |
|
|
|a a z 001zy
|
| 200 |
1 |
|
|a Машинная графика и ее применение
|e сборник научных трудов
|f Академия наук СССР, Сибирское отделение, Вычислительный центр ; под ред. А. М. Мацокина
|
| 210 |
|
|
|a Новосибирск
|c Изд-во СО АН СССР
|d 1979
|
| 215 |
|
|
|a 137 с.
|c ил.
|
| 320 |
|
|
|a Библиогр. в конце ст.
|
| 606 |
1 |
|
|a Машинная графика
|x Программное обеспечение
|2 stltpush
|3 (RuTPU)RU\TPU\subj\41401
|9 61194
|
| 610 |
1 |
|
|a применение
|
| 610 |
1 |
|
|a графические системы
|
| 610 |
1 |
|
|a графический вывод
|
| 610 |
1 |
|
|a графические каналы
|
| 610 |
1 |
|
|a объемные изображения
|
| 675 |
|
|
|a 681.327.1
|v 4
|
| 702 |
|
1 |
|a Мацокин
|b А. М.
|4 340
|
| 712 |
0 |
2 |
|a Академия наук СССР
|b Сибирское отделение
|b Вычислительный центр
|c (Новосибирск)
|2 stltpush
|3 (RuTPU)RU\TPU\col\11456
|9 25110
|
| 801 |
|
1 |
|a RU
|b 63413507
|c 20220207
|
| 942 |
|
|
|c BK
|